Flaubert-tól a Toldiig

Bibliographic Details
Main Author: Csanda, Gábor, 1963- (Author)
Format: Article
Language:Hungarian
PhysicalDescription:Fotogr.
Subjects:

MARC

LEADER 00000nab a2200000 ar4500
001 vtls009003796
003 SK-MaSNL
005 20260319071301.0
008 070509c20070505xo |||||||| 000 b|hun
015 |a SNBRB2007/05  |2 snkbucl 
038 |a SNKBUCL 
040 |a DSZK  |b slo  |c DSZK  |e AACR2 
041 0 |a hun 
044 |a xo  |c SK 
080 |a 82:070  |x (=511.141)  |x (437.6)  |2 1997 
080 |a 070.488  |x (=511.141)  |x (437.6)  |2 1997 
100 1 |a Csanda, Gábor,  |d 1963-  |4 aut  |9 98659 
245 1 0 |a Flaubert-tól a Toldiig  |c Csanda Gábor 
300 |b Fotogr. 
630 0 7 |a Kalligram (časopis)  |y 2007  |2 snkbucl  |9 111733 
655 7 |a bibliografické prehľady  |2 snkbucl  |9 534643 
773 0 |t Új szó  |g Évf. 60, sz. 103 (5.5.2007), o. 17 
773 0 8 |i Mell.:  |t Szalon  |g Évf. 1, sz. 17 (2007) 
852 |a SNK  |b KIS3GCP 
852 |a DSZK  |b KIS3GCP 
958 |a HU 
958 |a SK 
958 |a LX 
999 |c 1751863  |d 1753793